Wypisy do tłómaczenia z niemieckiego na polskie i z polskiego na niemieckie z słowniczkiem niemiecko-polskim i polsko-niemieckim / (Rekord nr 26843)
| 000 -Nagłówek | |
|---|---|
| fixed length control field | 01669cam a2200385 i 4500 |
| 001 - Nr kontrolny bibl., która utworzyła rek. | |
| control field | xx001041420 |
| 003 - Siglum bibl., której nr kontr. jest w 001 | |
| control field | NUKAT |
| 005 - Data i czas ostatniej operacji | |
| control field | 20260306135705.0 |
| 008 - Elementy pola stałej długości | |
| fixed length control field | 080117s1872 pl j f |000 0 pol c |
| 035 ## - Systemowy numer kontrolny | |
| systemowy numer kontrolny | (OCoLC)749607229 |
| 035 ## - Systemowy numer kontrolny | |
| systemowy numer kontrolny | (NUKAT)xx001041420 |
| 040 ## - Instytucja sporządzająca opis | |
| Instytucja, która sporządziła opis | POZN U/MW |
| Instytucja, która sporządziła rekord | POZN U/MW |
| Instytucja, która zmodyfikowała rekord | POZN U/RD |
| -- | POZN U/JŁs |
| 041 0# - Kod nazwy języka dokumentu | |
| Język tekstu | pol |
| -- | ger |
| 099 ## - Dowolny opis lokalny sygnatury | |
| symbol klasyfikacji | tn_579087 |
| 100 1# - Hasło główne-nazwa osobowa | |
| Nazwa osobowa | Ławicki, Józef. |
| 9 (RLIN) | 37609 |
| 245 10 - Tytuł właściwy i oznaczenie odpow. | |
| tytuł | Wypisy do tłómaczenia z niemieckiego na polskie i z polskiego na niemieckie z słowniczkiem niemiecko-polskim i polsko-niemieckim / |
| dod. inf. ze s. tyt./ozn. odpow. | ułożone przez Józefa Ławickiego. |
| 246 3# - Inne formy tytułu, wariant tytułu | |
| tytuł | Wypisy do tłumaczenia z niemieckiego na polski |
| 250 ## - Oznaczenie wydania | |
| oznaczenie wydania | 3 wyd. popr. i pomnożone krótką gramatyką oraz kawałkami niem. i pol. / |
| dodatkowe ozn. wydania (cd. str. wyd.) | przez N.P. |
| 260 ## - Adres wydawniczy | |
| miejsce wydania, dystrybucji itp. | Gniezno [etc.] : |
| nazwa wydawcy, dystrybutora itp. | J.B. Lange [etc.], |
| data wydania, dystrybucji itp. | 1872 |
| miejsce druku | (Warszawa : |
| nazwa drukarni | J. B. Lange). |
| 300 ## - Opis fizyczny | |
| objętość i/lub forma materiału | [5], VI, 466 s. : |
| inne szczegóły opisu fizycznego | err. ; |
| format | 18 cm. |
| 336 ## - Content Type | |
| Term | Tekst |
| Code | txt |
| Source | rdacontent |
| 337 ## - Media Type | |
| Term | Bez urządzenia pośredniczącego |
| Code | n |
| Source | rdamedia |
| 338 ## - Carrier Type | |
| Term | Wolumin |
| Code | nc |
| Source | rdacarrier |
| 500 ## - Uwaga ogólna | |
| uwaga ogólna | Pismo częśc. gotyckie. |
| 510 4# - Uwaga o cytowaniu lub źródłach opisu bibliogr. | |
| nazwa źródła | Estr. XIX, |
| lokaliz. opracowania w źródle | t. 3, s. 8. |
| 521 8# - Uwaga o przeznaczeniu czytelniczym | |
| uwaga o przeznaczeniu czytelniczym | Dla niższych klas gimnazjalnych i realnych, tudzież wyższych szkół miejskich. |
| 546 ## - Uwaga o języku opisywanego materiału | |
| uwaga o języku | Tekst częśc. niem. |
| 650 #7 - Hasło przedmiotowe-nazwa pospolita | |
| nazwa pospolita lub geogr. | Język polski |
| określnik formy | lektury i wypisy. |
| źródło hasła | kaba |
| 9 (RLIN) | 37611 |
| 650 #7 - Hasło przedmiotowe-nazwa pospolita | |
| nazwa pospolita lub geogr. | Język niemiecki |
| określnik formy | lektury i wypisy. |
| źródło hasła | kaba |
| 9 (RLIN) | 37612 |
| 650 #7 - Hasło przedmiotowe-nazwa pospolita | |
| nazwa pospolita lub geogr. | Język niemiecki |
| określnik rzeczowy | gramatyka |
| określnik formy | podręczniki dla polskojęzycznych. |
| źródło hasła | kaba |
| 9 (RLIN) | 37613 |
| 650 #4 - Hasło przedmiotowe-nazwa pospolita | |
| nazwa pospolita lub geogr. | Język niemiecki |
| określnik formy | słowniki polskie. |
| źródło hasła | kaba |
| 9 (RLIN) | 7671 |
| 650 #7 - Hasło przedmiotowe-nazwa pospolita | |
| nazwa pospolita lub geogr. | Język polski |
| określnik formy | słowniki niemieckie. |
| źródło hasła | kaba |
| 9 (RLIN) | 37614 |
| 700 0# - Hasło dodatkowe - nazwa osobowa | |
| nazwa osobowa | N. P. |
| rodzaj współpracy | Oprac. |
| 9 (RLIN) | 37610 |
| 942 ## - ADDED ENTRY ELEMENTS (KOHA) | |
| Source of classification or shelving scheme | Dewey Decimal Classification |
| Koha item type | pozycje dostępne na miejscu |
| Status wycofania | Status zagubienia | Klasyfikacja | Status uszkodzenia | Blokada wypożyczeń | Kolekcja | Lokalizacja macierzysta | Lokalizacja bieżąca | Data nabycia | Numer akcesji | Źródło akcesji | Nr inwentarzowy | il. wypożyczeń | Sygnatura | Kod kreskowy | Date last seen | Price effective from | Typ egz. |
|---|---|---|---|---|---|---|---|---|---|---|---|---|---|---|---|---|---|
| Dewey Decimal Classification | nieuszkodzona | Pracownia Badań Księgozbiorów Historycznych | Biblioteka Instytutu Północnego w Olsztynie | Pracownia Badań Księgozbiorów Historycznych | 06/03/2026 | K-40/1969 | kupno | 12939 | 12939 | IPWK16495 | 06/03/2026 | 06/03/2026 | pozycje dostępne na miejscu |